| 000 -LEADER |
| fixed length control field |
01508cam a22004578i 4500 |
| 001 - CONTROL NUMBER |
| control field |
020712635 |
| 003 - CONTROL NUMBER IDENTIFIER |
| control field |
UkOxU |
| 005 - DATE AND TIME OF LATEST TRANSACTION |
| control field |
20220808101338.0 |
| 008 - FIXED-LENGTH DATA ELEMENTS--GENERAL INFORMATION |
| fixed length control field |
160905s2016 enkab j 001 0 eng |
| 020 ## - INTERNATIONAL STANDARD BOOK NUMBER |
| International Standard Book Number |
9781782097631 |
| Qualifying information |
paperback. |
| 020 ## - INTERNATIONAL STANDARD BOOK NUMBER |
| International Standard Book Number |
1782097635 |
| Qualifying information |
paperback. |
| 035 ## - SYSTEM CONTROL NUMBER |
| System control number |
(OCoLC)ocn957742501 |
| 035 ## - SYSTEM CONTROL NUMBER |
| System control number |
(OCoLC)957742501 |
| 035 ## - SYSTEM CONTROL NUMBER |
| System control number |
(StEdNL)8435263 |
| 035 ## - SYSTEM CONTROL NUMBER |
| System control number |
(UkLoRLUK)708435263 |
| 038 ## - RECORD CONTENT LICENSOR |
| Record content licensor |
OCoLC |
| 040 ## - CATALOGING SOURCE |
| Original cataloging agency |
SINLB |
| Language of cataloging |
eng |
| Description conventions |
rda |
| Transcribing agency |
SINLB |
| Modifying agency |
OCLCO |
| -- |
OCLCF |
| -- |
OCLCO |
| -- |
NLE |
| -- |
UkOxU |
| -- |
KH8 |
| 043 ## - GEOGRAPHIC AREA CODE |
| Geographic area code |
f-ua--- |
| -- |
e-gr--- |
| -- |
ff----- |
| -- |
e------ |
| -- |
aw----- |
| 049 ## - LOCAL HOLDINGS (OCLC) |
| Local processing data |
o |
| 049 ## - LOCAL HOLDINGS (OCLC) |
| Holding library |
NLES |
| 082 14 - DEWEY DECIMAL CLASSIFICATION NUMBER |
| Classification number |
930 MAC |
| Edition number |
14 |
| 100 1# - MAIN ENTRY--PERSONAL NAME |
| Personal name |
Macdonald, Fiona, |
| Dates associated with a name |
1958- |
| Relator term |
author. |
| 245 10 - TITLE STATEMENT |
| Title |
History / |
| Statement of responsibility, etc. |
written by Fiona Macdonald, Jane Walker. |
| 246 1# - VARYING FORM OF TITLE |
| Display text |
On cover: |
| Title proper/short title |
History : |
| Remainder of title |
your guide to the ancient world |
| 264 #1 - PRODUCTION, PUBLICATION, DISTRIBUTION, MANUFACTURE, AND COPYRIGHT NOTICE |
| Place of production, publication, distribution, manufacture |
Thaxted, Essex : |
| Name of producer, publisher, distributor, manufacturer |
Miles Kelly, |
| Date of production, publication, distribution, manufacture, or copyright notice |
2016. |
| 300 ## - PHYSICAL DESCRIPTION |
| Extent |
127 pages : |
| Other physical details |
color illustrations, color maps ; |
| Dimensions |
30 cm |
| 336 ## - CONTENT TYPE |
| Content type term |
text |
| Source |
rdacontent |
| 336 ## - CONTENT TYPE |
| Content type term |
still image |
| Source |
rdacontent |
| 337 ## - MEDIA TYPE |
| Media type term |
unmediated |
| Source |
rdamedia |
| 338 ## - CARRIER TYPE |
| Carrier type term |
volume |
| Source |
rdacarrier |
| 490 1# - SERIES STATEMENT |
| Series statement |
300 fantastic facts |
| 500 ## - GENERAL NOTE |
| General note |
Includes index. |
| 650 #0 - SUBJECT ADDED ENTRY--TOPICAL TERM |
| Topical term or geographic name entry element |
History, Ancient |
| Form subdivision |
Juvenile literature. |
| 650 #0 - SUBJECT ADDED ENTRY--TOPICAL TERM |
| Topical term or geographic name entry element |
Civilization, Ancient |
| Form subdivision |
Juvenile literature. |
| 651 #0 - SUBJECT ADDED ENTRY--GEOGRAPHIC NAME |
| Geographic name |
Egypt |
| Form subdivision |
Juvenile literature. |
| 651 #0 - SUBJECT ADDED ENTRY--GEOGRAPHIC NAME |
| Geographic name |
Greece |
| Form subdivision |
Juvenile literature. |
| 651 #0 - SUBJECT ADDED ENTRY--GEOGRAPHIC NAME |
| Geographic name |
Rome |
| Form subdivision |
Juvenile literature. |
| 700 1# - ADDED ENTRY--PERSONAL NAME |
| Personal name |
Walker, Jane |
| Fuller form of name |
(Jane Alison), |
| Relator term |
author. |
| 830 #0 - SERIES ADDED ENTRY--UNIFORM TITLE |
| Uniform title |
300 fantastic facts. |
| 942 ## - ADDED ENTRY ELEMENTS (KOHA) |
| Source of classification or shelving scheme |
|
| Koha item type |
Books - Non Ficton |